000 00664nam a22001937a 4500
008 110428s2008 NE|||||r|||| 001 0 eng d
020 _a0750680024
020 _a9780750680028
082 _222
_a624.176
_bTHO
100 _923455
_aThorby, Douglas
245 _aStructural Dynamics and Vibration in Practice :
_bAn Engineering handbook /
_c Douglas Thorby.
260 _aAmsterdam :
_b Elsevier/Butterworth-Heinemann, 2008.
_c2008
300 _axv, 401 p. :
_bill. ;
_c25 cm.
504 _aIncludes bibliographical references and index.
650 _912627
_aVibration.
653 _bCiv
_cApril2011
650 _912018
_aStructural dynamics
942 _2ddc
_cBB
999 _c15210
_d15210